ბათუმის შოთა რუსთაველის სახელმწიფო უნივერსიტეტის ბიბლიოთეკა

ჩანაწერი Personal Name

ჩანაწერთა რაოდენობა, რომელიც გამოყენებულია: 1

001 - CONTROL NUMBER

  • control field: 14693

003 - CONTROL NUMBER IDENTIFIER

  • control field: GE_BSU

005 - DATE AND TIME OF LATEST TRANSACTION

  • control field: 20220922113211.0

008 - FIXED-LENGTH DATA ELEMENTS

  • fixed length control field: 220922|| aca||aabn | a|a d

040 ## - CATALOGING SOURCE

  • Original cataloging agency: GE_BSU
  • Transcribing agency: GE_BSU

100 ## - HEADING--PERSONAL NAME

  • Personal name: პაპავა, ვლადიმერ
  • Relator term: რედაქტორი

670 ## - SOURCE DATA FOUND

  • Source citation: Work cat.: (GE_BSU)34948: ბერულავა, რევაზ 14537, ინგლისურ-ქართული უნივერსალური იურიდიული და ბიზნესის ლექსიკონი = English-georgian universal dictionary of law and business terms = Англо-грузинский универсальный юридический и бизнесный словарь : ენციკლოპედიურ-ტერმინოლოგიური სიტყვარი (ტრანსკრიფციებით) /